[Event "Queenstown Classic"]
[Site "Queenstown"]
[Date "2012.01.21"]
[Round "7.17"]
[White "Zelesco, Karl"]
[Black "Smith, Robert W"]
[Result "1-0"]
[WhiteElo "1990"]
[BlackElo "2273"]
[PlyCount "117"]
[EventDate "2012.01.23"]
[EventType "swiss"]
[EventRounds "9"]
[EventCountry "NZL"]

1. d4 {This game was played in the 7th round of the Queenstown Classic, just
as things were hotting up. Bob Smith, playing Black, is well known on the
Australasian chess scene. A FM with oodles of experience from countless NZ
championships and Olympiads he is a tough and very unforgiving opponent.
Playing White is 12 year old Australian Junior Karl Zelesco, unknown to me and
probably to Bob before the Queenstown event. Rated less than 2000 he would be
up against it.} Nf6 2. c4 c5 3. d5 e5 4. Nc3 d6 5. e4 {Bob's choice of opening,
the Schmidt Benoni, is a good one. It is strategically complex, offers lots of
play and should enable Bob to generate an unbalanced position where his extra
experience and strength will bring him the full point.} Be7 6. g3 O-O 7. Bg2
Na6 8. Nf3 Nc7 9. h3 a6 {As always in this opening White enjoys a slight edge
due to his extra space and easier coordination. Even so both sides have a
range of plans. Black is aiming for the b5 and f5 breaks, the latter perhaps
preceded by g6, while White is interested in the mirror-image plans of b4 and
f4. Sometimes White expands on the kingside with g4 making the f5 break harder
to achieve and to increase his stranglehold on his space advantage. The g4
plan doesn't quite fit so well with the fianchettoed bishop as White would
like to have ready access to the g file with one of his rooks.} 10. a4 Rb8 11.
a5 b5 12. axb6 Rxb6 {As in the Modern Benoni when the b5 break is made after
White has advanced his a pawn to a5 the queenside structure causes problems
for both players. A weak a pawn vs a weak b pawn.} 13. O-O Nfe8 14. Ne1 f5 (
14... Bg5 {is the logical continuation for a number of reasons. Firstly, the
black squared bishop is Black's problem piece and so exchanging it makes
perfect sense. Secondly, the opposing bishop plays an important defensive role
protecting the backward b pawn, and thirdly, just on general considerations,
when your position is cramped exchanging one pair of minor pieces can give
your other pieces a bit more air. To prevent the exchange White may continue}
15. f4 exf4 16. gxf4 Bf6 17. Nf3 Bxc3 18. bxc3 {which leads to a sharp
position which would probably suit the more experienced player}) 15. Nd3 Nf6
16. Kh2 (16. exf5 Bxf5 17. f4 Nd7 {looks like a more energetic approach for
White. By playing f5 without the preparatory g6 Black has been forced to
recapture on f5 with a piece and this leaves White access to the e4 square and
removes some of the dynamism from Black's position. Even so it is a matter of
taste}) 16... fxe4 17. Nxe4 Bf5 18. Qe2 Qe8 {White retains just a minimal edge
because of his control of e4 and easier play. The black knight on c7, while
doing a sterling job at defending a6, is not well placed and this piece is
often a problem for Black in these types of pawn structure.} 19. g4 Bxe4 20.
Bxe4 Nxe4 21. Qxe4 Qg6 $6 {This move is very committal, and if Black was
wanting to create active counterchances this doesn't seem the best way to do
it. The doubled g pawns are of no particular concern at present but they
represent a long term weakness that will be difficult to eliminate.} 22. Qxg6
hxg6 23. Bd2 e4 $5 {Perhaps this was the move that Black was relying on to
bring his position alive. It clears the way for the bishop to take up
residence on the important a1-h8 diagonal, forces the white knight from its
dominant position on d3 and prevents White from advancing his f pawn. Against
a young and inexperienced opponent the plan looks to be a good one. The reason
I have chosen this game is because of the mature coolness with which Karl
plays the remainder of the game.} 24. Ba5 Rb7 25. Rfe1 $1 {This looks very
dangerous but it is exactly the right move. It seems that Black penetrates to
the seventh rank and wins a pawn but the gains are illusory and it is White
who gains a positional advantage. Well-played by the youngster!} exd3 26. Rxe7
Rxf2+ 27. Kg3 Rf7 28. Rxf7 Kxf7 29. Bc3 {White is a pawn down and it will be
some time before he regains it but his position is dominant because of the
superiority of his minor piece, activity of his king, and the weakness of the
black pawns.} g5 30. Kf3 Rb8 31. Ke3 Rh8 32. Rf1+ Kg6 33. Rf3 {A nice finesse.
White's advantage is growing. While Black lacks a solid plan White can look to
pressurise the weak Black pawns. But having said that would I expect a 12 year
old ranked less than 2000 to have the skill to defeat a 2250 player in this
position? To be honest my feeling at the time was no.} Ne8 34. Ba5 Nf6 35. Bc7
d2 36. Kxd2 Rc8 37. Ba5 Re8 38. Re3 {Black is squirming and trying to get
active but now the rooks will come off and the dominance of the bishop over
the knight becomes even more pronounced. Black is now in hot water.} Kf7 39.
Rxe8 Kxe8 40. Kd3 Nd7 41. b4 (41. Bc3 g6 42. Ke4 Kf8 {is an alternative that
keeps Black tied down, but the breakthough is still some time away. White's
choice aims to generate a passed pawn as quickly as possible and give the
bishop even more scope for its operations}) 41... cxb4 42. Bxb4 Ke7 43. Kd4 {
Black' defence is now very tricky. The bishop has a range of squares from
which to target the weak pawns on d6 and g5, and Black is busy protecting the
pawns and trying to prevent White from making the c5 advance.} Nf6 $6 44. Bd2
Nh7 {I can't quite convince myself that placing the knight on h7 to protect
the g5 pawn is the right plan. The knight does a fine job on d7 controlling e5
and c5 and perhaps the king was better placed to lend support to g5. Without
the doubled g pawns Black would probably hold this ending without too much
trouble, but the extra weakness is one too many.} 45. Ke4 g6 46. Kd4 Kd7 47. c5
dxc5+ 48. Kxc5 Nf6 49. Kd4 Kd6 50. Bb4+ Kd7 51. Ke5 {White is playing very
precisely. He has created the passed pawn and brought his king to a dominant
square to support its advance and target the kingside pawns.} Nh7 52. Ba5 Ke7
53. Bb4+ Kd7 54. d6 ({At the time I thought that finally Karl had thrown away
the win. I fancied placing Black in zugzwang as follows in order to force the
retreat of the Black king and the penetration of its opposite. But after} 54.
Ba3 a5 55. Bc5 Ke8 56. Kd6 a4 {it's not clear how White makes further progress.
The Black knight always seems to be able to return to f6 and d7 at the right
moment}) 54... Nf8 {While the pawn advance has seemingly compromised White's
control of the white squares on c6 and e6 (and prevented the bishop from
covering f8) the key is that Black cannot prevent the white king penetrating
to the kingside pawns.} 55. Kf6 Ne6 56. Kxg6 Nf4+ 57. Kxg5 Nxh3+ 58. Kf5 a5 59.
Ba3 {What an mature positional display by the young Australian! I am very
impressed. And in case you thought this might be a once only performance, two
rounds later, in the final round, Karl defeated another kiwi international,
Stephen Lukey.} 1-0